00746nam a22002177a 450000500170000002000180001710000270003524500300006226000400009230000120013249000360014450000430018065000310022365000290025465000280028370000330031170000340034494200120037899900190039095201190040920260702152754.0 a9789349750081 aBurago, Dmitri 917388 aCourse in metric geometry aTelanganabUniversities pressc2026 axii+415 aGraduate studies in mathematics aGraduate studies in mathematics vol 33 aCaratheodory metric917389 aRiemannian metric917390 aHyperbolic plane917391 aBurago, Yuri (author)917392 aIvanov,Sergei (author)917393 2ddccBK c761241d761241 00102ddc40708GIFaMATbMATcGENd2026-05-14eNBHMg1950.00l0o516.373 BUR-CpMATG284r2026-07-02 15:42:43yBK